00800cam a22002291 4500001001300000003000400013005001700017008004100034010001700075035001900092040004300111042001200154043001100166050002300177110004800200245017600248250001600424260004400440300001900484650005000503999001700553pa 61000132 DLC20260227111855.0761230s1961 dcu 000 0 eng c apa 61000132  a(OCoLC)2654184 aPan American Union. LibrarycFU-LdDLC apremarc an-----00aKDZ859b.P365 19612 aPan American Union.bCodification Division.10aNuclear energy legislation in the American States;cstudy preparedin accordance with recommendation no. 24 of the Inter-American Committee of Presidential Representatives. aPrelim. ed. aWashington,bPan American Union,c1961. a109 p.c28 cm. 0aNuclear energyxLaw and legislationzAmerica. c51484d51484